| 000 | 008460000a22002170004500 | ||
|---|---|---|---|
| 001 | 723 | ||
| 020 | _a958-9359-24-8 | ||
| 041 | 0 | _aSPA | |
| 082 | 0 | 4 | _aG 268.432 S459c |
| 100 | 1 | _aSeiferling K., Susana | |
| 245 | 1 | 0 | _aOidores y hacedores : Intermedios / Susana Seiferling K. |
| 260 | _aBogotá, Colombia : Asociación Misión Acción Internacional | ||
| 440 | 0 | _aOidores y Hacedores | |
| 500 | _aEstudios bíblicos para niños de 9 a 11 años (o para los que hayan cumplido como mínimo 3 grados escolares) | ||
| 505 | 0 | 0 | _aVol. 2 Tomo 1 : Héroes triunfantes (Josué, Jueces, Rut y Job) Vol. 2 Tomo 4 : Enfrentando tiempos difíciles (Vida de Elías y Eliseo) |
| 650 | 1 | 4 | _aEDUCACION RELIGIOSA DE NIÑOS |
| 942 | _cBK | ||
| 999 |
_c32187 _d32187 |
||
| 336 |
_atexto _btxt _2rdacontent |
||
| 337 |
_2rdamedia _asin mediación _bn |
||
| 338 |
_2rdacarrier _avolumen _bnc |
||